000 00919nam a22001937a 4500
003 BD-ChCU
005 20240310115425.0
008 240310b bg ||||| |||| 00| 0 ben d
020 _a9789849221180
040 _cBD-ChCU
082 _222
_a২০০.০৯ ফায ৩৫ হি
100 _aফাযলী, মুরতাহিন বিল্লাহ জাসির
_94505
245 _aহিন্দুধর্ম ও ইসলাম :
_cজানা-অজানা কথা /
_bমুরতাহিন বিল্লাহ জাসির ফাযলী
260 _aঢাকা :
_bরাহনুমা প্রকাশনী,
_cc২০১৭
300 _a২৭১পৃ. :
_c22 cm.
650 0 _aহিন্দুধর্ম ও ইসলাম ধর্ম - আলোচনা ও পর্যালোচনা ধর্ম
_94507
700 _a.
_94506
_e
942 _2ddc
_cBK
_n0
999 _c103853
_d103853